000 00264nam a2200121 i 4500
001 bg
245 0 0 _aSprawy narodowoƛciowe.
_nT.1 Z.1.
260 _aPoznaƄ,
_c1992.
040 _cBPK
041 _apol
942 _cKS
008 s pl f |000 0 pol
999 _c29913
_d29913
856 _uhttp://koha.tu.koszalin.pl/cgi-bin/koha/opac-detail.pl?biblionumber=29913
_yKatalog online BPK